<?xml version="1.0" encoding="UTF-8"?>
<record
    xmlns:xsi="http://www.w3.org/2001/XMLSchema-instance"
    xsi:schemaLocation="http://www.loc.gov/MARC21/slim http://www.loc.gov/standards/marcxml/schema/MARC21slim.xsd"
    xmlns="http://www.loc.gov/MARC21/slim">

  <leader>02227nam a2200205Ia 4500</leader>
  <controlfield tag="003">OSt</controlfield>
  <controlfield tag="005">20251204100818.0</controlfield>
  <controlfield tag="008">210210b1995   xxu||||| |||| 00| 0 eng d</controlfield>
  <datafield tag="040" ind1=" " ind2=" ">
    <subfield code="c">AL</subfield>
  </datafield>
  <datafield tag="041" ind1=" " ind2=" ">
    <subfield code="a">kan</subfield>
  </datafield>
  <datafield tag="082" ind1=" " ind2=" ">
    <subfield code="a">305.895487K SHEB</subfield>
  </datafield>
  <datafield tag="100" ind1=" " ind2=" ">
    <subfield code="a">SHETTY (Shiroor Shivarama)</subfield>
    <subfield code="9">163589</subfield>
    <subfield code="d">&#xCB6;&#xCC6;&#xC9F;&#xCCD;&#xC9F;&#xCBF; (&#xCB6;&#xCBF;&#xCB0;&#xCC2;&#xCB0;&#xCC1; &#xCB6;&#xCBF;&#xCB5;&#xCB0;&#xCBE;&#xCAE;)</subfield>
  </datafield>
  <datafield tag="245" ind1=" " ind2=" ">
    <subfield code="a">Bantara Mula </subfield>
    <subfield code="b">&#xCAC;&#xC82;&#xC9F;&#xCB0; &#xCAE;&#xCC2;&#xCB2; </subfield>
  </datafield>
  <datafield tag="260" ind1=" " ind2=" ">
    <subfield code="a">Mangaluru.</subfield>
    <subfield code="b">Bantara Yane Nadavara Sangha.,</subfield>
    <subfield code="c">1995</subfield>
  </datafield>
  <datafield tag="300" ind1=" " ind2=" ">
    <subfield code="a">90</subfield>
  </datafield>
  <datafield tag="520" ind1=" " ind2=" ">
    <subfield code="a">&#xCAC;&#xC82;&#xC9F;&#xCB0;&#xCC1; &#xCA4;&#xCC1;&#xCB3;&#xCC1;&#xCA8;&#xCBE;&#xCA1;&#xCBF;&#xCA8; &#xC92;&#xC82;&#xCA6;&#xCC1; &#xCB5;&#xCBF;&#xCB6;&#xCBF;&#xCB7;&#xCCD;&#xC9F; &#xC9C;&#xCA8;&#xCBE;&#xC82;&#xC97;. &#xCB9;&#xCBF;&#xC82;&#xCA6;&#xCC6; &#xC88; &#xC9C;&#xCBF;&#xCB2;&#xCCD;&#xCB2;&#xCC6;&#xCAF;&#xCB2;&#xCCD;&#xCB2;&#xCBF; &#xCB9;&#xCC6;&#xC9A;&#xCCD;&#xC9A;&#xCBF;&#xCA8; &#xCAD;&#xCC2;&#xCAE;&#xCBF; &#xC92;&#xCA1;&#xCC6;&#xCA4;&#xCA8; &#xC87;&#xCA6;&#xCCD;&#xCA6;&#xCB5;&#xCB0;&#xCC1;. &#xC95;&#xCC3;&#xCB7;&#xCBF; &#xCAA;&#xCCD;&#xCB0;&#xCA7;&#xCBE;&#xCA8; &#xC95;&#xCB8;&#xCC1;&#xCAC;&#xCBE;&#xCA6;&#xCB0;&#xCC2; &#xCB5;&#xCCD;&#xCAF;&#xCBE;&#xCAA;&#xCBE;&#xCB0; &#xCB5;&#xCB9;&#xCBF;&#xCB5;&#xCBE;&#xC9F;&#xCC1;&#xC97;&#xCB3;&#xCA8;&#xCCD;&#xCA8;&#xCC1; &#xCAE;&#xCBE;&#xCA1;&#xCBF;&#xCA6;&#xCB5;&#xCB0;&#xCC1;. &#xCA7;&#xCC8;&#xCB0;&#xCCD;&#xCAF;&#xCB6;&#xCBE;&#xCB2;&#xCBF;&#xC97;&#xCB3;&#xCC2; &#xCAC;&#xCB2;&#xCBF;&#xCB7;&#xCCD;&#xC9F;&#xCB0;&#xCC2; &#xCAE;&#xCA4;&#xCCD;&#xCA4;&#xCC1; &#xCAF;&#xCCB;&#xCA7;&#xCB0;&#xCC2; &#xC86;&#xC97;&#xCBF; &#xCAE;&#xCC6;&#xCB0;&#xCC6;&#xCA6;&#xCB5;&#xCB0;&#xCC1;. &#xC97;&#xCCD;&#xCB0;&#xCBE;&#xCAE;&#xCC0;&#xCA3; &#xC86;&#xCA1;&#xCB3;&#xCBF;&#xCA4;&#xCC6;&#xCAF;&#xCA8;&#xCCD;&#xCA8;&#xCC1; &#xC87;&#xCA4;&#xCCD;&#xCA4;&#xCC0;&#xC9A;&#xCC6;&#xC97;&#xCBF;&#xCA8;&#xCB5;&#xCB0;&#xCC6;&#xC97;&#xCC2; &#xCA4;&#xCAE;&#xCCD;&#xCAE; &#xCB9;&#xCBF;&#xCA1;&#xCBF;&#xCA4;&#xCA6;&#xCB2;&#xCCD;&#xCB2;&#xCBF; &#xC87;&#xC9F;&#xCCD;&#xC9F;&#xCC1;&#xC95;&#xCCA;&#xC82;&#xCA1;&#xCB5;&#xCB0;&#xCC1;. &#xCA6;&#xCC8;&#xCB5; &#xCA6;&#xCC7;&#xCB5;&#xCB8;&#xCCD;&#xCA5;&#xCBE;&#xCA8;&#xC97;&#xCB3;&#xCA8;&#xCCD;&#xCA8;&#xCC1; &#xC95;&#xC9F;&#xCCD;&#xC9F;&#xCBF;&#xCB8;&#xCBF;, &#xC85;&#xCB5;&#xCC1;&#xC97;&#xCB3; &#xC86;&#xCA1;&#xCB3;&#xCBF;&#xCA4; &#xCA8;&#xCA1;&#xCC6;&#xCB8;&#xCBF;&#xCA6;&#xCB5;&#xCB0;&#xCC1;. &#xCA6;&#xC95;&#xCCD;&#xCB7;&#xCBF;&#xCA3; &#xC95;&#xCA8;&#xCCD;&#xCA8;&#xCA1;&#xCA6;&#xCB2;&#xCCD;&#xCB2;&#xCBF; &#xCAA;&#xCCD;&#xCB0;&#xCBE;&#xC9A;&#xCC0;&#xCA8; &#xC95;&#xCBE;&#xCB2;&#xCA6;&#xCB2;&#xCCD;&#xCB2;&#xCBF; &#xC8E;&#xCB2;&#xCCD;&#xCB2;&#xCBE; &#xC9C;&#xCA8;&#xCBE;&#xC82;&#xC97;&#xC97;&#xCB3; &#xCA8;&#xCBE;&#xCAF;&#xC95;&#xCB0;&#xCBE;&#xC97;&#xCBF;&#xCA6;&#xCCD;&#xCA6;&#xCC1; &#xC85;&#xCB5;&#xCB0; &#xC95;&#xCB7;&#xCCD;&#xC9F;&#xCB8;&#xCC1;&#xC96;&#xC97;&#xCB3;&#xCB2;&#xCCD;&#xCB2;&#xCBF; &#xCB8;&#xCCD;&#xCAA;&#xC82;&#xCA6;&#xCBF;&#xCB8;&#xCBF; &#xCB8;&#xCBE;&#xCAE;&#xCBE;&#xC9C;&#xCBF;&#xC95; &#xCB8;&#xCCD;&#xCB5;&#xCBE;&#xCB8;&#xCCD;&#xCA5;&#xCCD;&#xCAF; &#xC95;&#xCBE;&#xCAA;&#xCBE;&#xCA1;&#xCBF;&#xC95;&#xCCA;&#xC82;&#xCA1;&#xCC1; &#xCAC;&#xC82;&#xCA6;&#xCB5;&#xCB0;&#xCC1;. &#xC88; &#xCB5;&#xCBF;&#xCB6;&#xCBF;&#xCB7;&#xCCD;&#xC9F; &#xC9C;&#xCA8;&#xCBE;&#xC82;&#xC97;&#xCA6;&#xCB5;&#xCB0;&#xCC1; &#xCAF;&#xCBE;&#xCB0;&#xCC1;? &#xC85;&#xCB5;&#xCB0;&#xCC1; &#xCA4;&#xCC1;&#xCB3;&#xCC1;&#xCA8;&#xCBE;&#xCA1;&#xCBF;&#xCA8; &#xCAE;&#xCC2;&#xCB2; &#xC9C;&#xCA8;&#xCBE;&#xC82;&#xC97;&#xC97;&#xCB3;&#xCB2;&#xCCD;&#xCB2;&#xCBF; &#xC92;&#xC82;&#xCA6;&#xCC1; &#xCAA;&#xC82;&#xC97;&#xCA1;&#xCA6;&#xCB5;&#xCB0;&#xCC7; &#xC85;&#xCA5;&#xCB5;&#xCBE; &#xCA6;&#xCC7;&#xCB6;&#xCA6; &#xC87;&#xCA4;&#xCB0; &#xCAD;&#xCBE;&#xC97;&#xC97;&#xCB3;&#xCBF;&#xC82;&#xCA6; &#xCAA;&#xCCD;&#xCB0;&#xCBE;&#xC9A;&#xCC0;&#xCA8;&#xC95;&#xCBE;&#xCB2;&#xCA6;&#xCB2;&#xCCD;&#xCB2;&#xCBF; &#xCB5;&#xCB2;&#xCB8;&#xCC6; &#xCAC;&#xC82;&#xCA6;&#xCC1; &#xC87;&#xCB2;&#xCCD;&#xCB2;&#xCBF; &#xCA8;&#xCC6;&#xCB2;&#xCC6;&#xCB8;&#xCBF;&#xCA6;&#xCB5;&#xCB0;&#xCC7; &#xC8E;&#xCA8;&#xCCD;&#xCA8;&#xCC1;&#xCB5; &#xCB5;&#xCBF;&#xCB7;&#xCAF; &#xC87;&#xCA8;&#xCCD;&#xCA8;&#xCC2; &#xCAA;&#xCCD;&#xCB0;&#xCB6;&#xCCD;&#xCA8;&#xCC6;&#xCAF;&#xCBE;&#xC97;&#xCBF;&#xCAF;&#xCC7; &#xC89;&#xCB3;&#xCBF;&#xCA6;&#xCBF;&#xCA6;&#xCC6;</subfield>
  </datafield>
  <datafield tag="690" ind1=" " ind2=" ">
    <subfield code="a">Ethnic Groups</subfield>
    <subfield code="9">163590</subfield>
  </datafield>
  <datafield tag="906" ind1=" " ind2=" ">
    <subfield code="a">050937</subfield>
  </datafield>
  <datafield tag="942" ind1=" " ind2=" ">
    <subfield code="2">ddc</subfield>
    <subfield code="c">BK</subfield>
  </datafield>
  <datafield tag="999" ind1=" " ind2=" ">
    <subfield code="c">99277</subfield>
    <subfield code="d">99277</subfield>
  </datafield>
  <datafield tag="952" ind1=" " ind2=" ">
    <subfield code="0">0</subfield>
    <subfield code="1">0</subfield>
    <subfield code="4">0</subfield>
    <subfield code="7">0</subfield>
    <subfield code="8">Sociology</subfield>
    <subfield code="a">AL</subfield>
    <subfield code="b">AL</subfield>
    <subfield code="c">Sociology</subfield>
    <subfield code="d">2021-02-17</subfield>
    <subfield code="e">Athree Book Centre, Mangalore-01.</subfield>
    <subfield code="g">75.00</subfield>
    <subfield code="l">0</subfield>
    <subfield code="o">305.895487K  SHEB</subfield>
    <subfield code="p">050937</subfield>
    <subfield code="r">2021-02-17 00:00:00</subfield>
    <subfield code="w">2021-02-17</subfield>
    <subfield code="y">BK</subfield>
  </datafield>
</record>
